| 000 | 00743nam a2200253Ia 4500 | ||
|---|---|---|---|
| 003 | OSt | ||
| 005 | 20220928114141.0 | ||
| 006 | a|||||r|||| 00| 0 | ||
| 007 | ta | ||
| 008 | 220927b |||||||| |||| 00| 0 eng d | ||
| 020 | _c3638.3580000000002 | ||
| 024 | _a118513 | ||
| 037 |
_b1920, 06/01/2013, Ashutosh Technical Books _cTextual |
||
| 040 |
_aSDCL _cSDCL _beng |
||
| 041 |
_2eng _aeng |
||
| 082 | _aB0bY:1, P3 | ||
| 100 | _aEmmer Michele Ed. | ||
| 245 | 0 | _aMathematics and culture iii | |
| 260 |
_aHeidelberg _bSpringer _c2003 |
||
| 300 |
_aviii,277p _ccm. |
||
| 650 | _aMathematics | ||
| 942 |
_hB0bY:1, P3 _cTEXL _2CC |
||
| 999 |
_c753148 _d753148 |
||